000 00413nam a2200181Ia 4500
100 _aDemers/Michael N
650 _aGIS
250 _a4
942 _cBK
366 _f27
654 _aGeographic information system
245 _aFundamentals of geographic information systems
260 _bWiley India
_c2009
082 _a658.4038
_bDEM
300 _a443
546 _aENGLISH
_celectronics
999 _c31425
_d31425